| 000 | 00732nam a2200205Ia 4500 | ||
|---|---|---|---|
| 003 | GCL | ||
| 008 | 140319s9999 xx 000 0 ara d | ||
| 040 |
_aGCL / _cGCL |
||
| 082 | 0 | 4 |
_a338.9 _bم خ |
| 245 | 1 | 0 | _aالخاصخصة: منهج اقتصادى متكامل لادارة عمليات التحول الى القطاع الخاص على مستوى الاقتصاد القومى والوحدة الاقتصادى |
| 300 | _a120 ص | ||
| 490 | _a | ||
| 650 | 0 | 4 | _aالتخطيط الاقتصادى |
| 650 | 0 | 4 | _aالاحوال الاقتصادية |
| 650 | 0 | 4 | _aالدخل القومى |
| 650 | 0 | 4 | _aالخصخصة |
| 650 | 0 | 4 | _aالاقتصاد - مصر |
| 650 | 0 | 4 | _aالقطاع العام - مصر |
| 942 |
_2ddc _cBK |
||
| 999 |
_c37955 _d37955 |
||